مقابلة بين علم اللغة الحديث وعلم اللغة عند العرب دراسة وصفية على المستوى الصوتى
Saved in:
| 主要作者: | |
|---|---|
| 其他作者: | |
| 格式: | Thesis |
| 语言: | Arabic |
| 出版: |
Khartoum :
Ma'had al-Khurtum al-Dawli lil-Lughah al-'Arabiya,
1981
|
| 主题: | |
| 标签: |
添加标签
没有标签, 成为第一个标记此记录!
|
| LEADER | 013040000a22002890004500 | ||
|---|---|---|---|
| 001 | 45210 | ||
| 005 | 20091201121800.0 | ||
| 008 | 921031s1981 ara | ||
| 035 | |a (Sirsi) 45210 | ||
| 040 | |a UIAM |b eng | ||
| 050 | |a PJ6122 | ||
| 100 | 1 | |a بدوى، منير حامد أمين | |
| 242 | 1 | 0 | |a Muqabalah bayna 'ilm al-lughah al-hadith wa-'ilm al-lughah 'inda al-'Arab :dirasah wasfiyah 'ala al-mustawa al-sawti / |c i'dad Munir Hamid Amin Badawi; ishraf Ja'far Mirghani |
| 245 | 1 | 0 | |a مقابلة بين علم اللغة الحديث وعلم اللغة عند العرب دراسة وصفية على المستوى الصوتى |
| 260 | 1 | |a Khartoum : |b Ma'had al-Khurtum al-Dawli lil-Lughah al-'Arabiya, |c 1981 | |
| 300 | |a 71 p. | ||
| 502 | |a (Dip.)--Ma'had al-Khartoum al-Dawli lil-Lughat al-'Arabiyah | ||
| 596 | |a 1 | ||
| 650 | 0 | |a Linguistics | |
| 650 | 0 | |a Arabic philology | |
| 650 | 0 | |a Arabic language |x Phonetics | |
| 700 | 1 | |a Badawi, Munir Hamid Amin | |
| 710 | 1 | |a Ma'had al-Khartum al-Dawli lil-Lughah al-'Arabiyah | |
| 710 | 2 | |a معهد الخرطوم الدولى للغة العربية | |
| 900 | |a amag-khs-naw | ||
| 999 | |c 429865 |d 461356 | ||
| 952 | |0 0 |6 T PJ 006122 B132M |7 0 |8 THESES |9 748767 |a IIUM |b IIUM |c MULTIMEDIA |g 0.00 |o t PJ6122B132M |p 00000205224 |r 2017-10-20 |t 1 |v 0.00 |y THESIS | ||
